| 000 | 00562nam a22001577a 4500 | ||
|---|---|---|---|
| 082 | _aBE-EE-3 | ||
| 100 |
_aMuhammad Shahmeer Omar _992283 |
||
| 245 | _aDesign and Development of Multi-Hop Cooperative Network for Energy Efficient Smart Grid Communications | ||
| 260 |
_aIslamabad _bNUST-SEECS _c2015 |
||
| 300 |
_a94 _eCD Include |
||
| 500 | _aSupervisors: Dr. Syed Ali Hassan, Dr. Sajid Saleem | ||
| 700 |
_aSyed Ahsan Raza, _992284 |
||
| 700 |
_aMuhammad Ali Anjum _992285 |
||
| 856 | _uhttp://10.250.8.41:8080/xmlui/handle/123456789/10051 | ||
| 942 |
_cPR _2ddc |
||
| 999 |
_c13265 _d13265 |
||